LEADER 01112nam 2200349 450 001 996205395803316 005 20180227173759.0 035 $a(CKB)1000000000035923 035 $a(WaSeSS)IndRDA00092794 035 $a(EXLCZ)991000000000035923 100 $a20180227d2006 || | 101 0 $aeng 135 $aur||||||||||| 181 $ctxt$2rdacontent 182 $cc$2rdamedia 183 $acr$2rdacarrier 200 10$a2005 the IEE seminar on procurement and supply of safety related systems (Ref. No. 2005/11142) $e9 November 2005 210 1$aStevenage, England :$cIET,$d2006. 215 $a1 online resource (74 pages) 311 $a0-86341-577-6 606 $aSystem safety$vCongresses 606 $aRisk assessment$vCongresses 606 $aIndustrial safety$vCongresses 615 0$aSystem safety 615 0$aRisk assessment 615 0$aIndustrial safety 801 0$bWaSeSS 801 1$bWaSeSS 906 $aBOOK 912 $a996205395803316 996 $a2005 the IEE seminar on procurement and supply of safety related systems (Ref. No. 2005$92506988 997 $aUNISA LEADER 03659oas 2201321 a 450 001 9910333245103321 005 20251114213013.0 011 $a1532-9283 035 $a(DE-599)ZDB2048821-X 035 $a(DE-599)2048821-X 035 $a(OCoLC)45538566 035 $a(CONSER) 00213669 035 $a(CKB)110975506072143 035 $a(EXLCZ)99110975506072143 100 $a20001211a19969999 sy a 101 0 $aeng 135 $aurcnu|||||||| 181 $ctxt$2rdacontent 182 $cc$2rdamedia 183 $acr$2rdacarrier 200 00$aJournal of bodywork and movement therapies 210 $a[San Diego, CA] $cHarcourt Health Sciences 210 3 $a[Amsterdam] ;$aPhiladelphia, PA $cElsevier 215 $a1 online resource 300 $aRefereed/Peer-reviewed 300 $aOfficial journal of the: Association of Neuromuscular Therapists, Ireland; Australian Pilates Method Association; Hands On Seminars, USA; National Association of Myofascial Trigger Point Therapists, USA; Pilates Foundation, UK; and the Fascia Research Society, <2013->. 311 08$a1360-8592 531 0 $aJ. bodyw. mov. ther. 606 $aMassage$vPeriodicals 606 $aExercise therapy$vPeriodicals 606 $aManipulation (Therapeutics)$vPeriodicals 606 $aMassage 606 $aExercise Therapy 606 $aChiropractic 606 $aManipulation, Orthopedic 606 $aMusculoskeletal Diseases$xrehabilitation 606 $aExercise therapy$2fast$3(OCoLC)fst00918063 606 $aManipulation (Therapeutics)$2fast$3(OCoLC)fst01007737 606 $aMassage$2fast$3(OCoLC)fst01011479 608 $aPeriodical. 608 $aPeriodicals.$2fast 608 $aPeriodicals.$2lcgft 615 0$aMassage 615 0$aExercise therapy 615 0$aManipulation (Therapeutics) 615 2$aMassage. 615 2$aExercise Therapy. 615 2$aChiropractic. 615 2$aManipulation, Orthopedic. 615 2$aMusculoskeletal Diseases$xrehabilitation. 615 7$aExercise therapy. 615 7$aManipulation (Therapeutics) 615 7$aMassage. 676 $a615 712 02$aAssociation of Neuromuscular Physical Therapists. 712 02$aAustralian Pilates Method Association, 712 02$aNational Association of Myofascial Trigger Point Therapists, 712 02$aPilates Foundation, 712 02$aHands On Seminars, 712 02$aFascia Research Society, 712 02$aInternational College of Applied Kinesiology, 801 0$bNSD 801 1$bNSD 801 2$bOCLCQ 801 2$bOHS 801 2$bTWT 801 2$bOCLCQ 801 2$bOCL 801 2$bOCLCS 801 2$bOCLCQ 801 2$bNSD 801 2$bBUF 801 2$bOCLCQ 801 2$bCUD 801 2$bOCLCQ 801 2$bOPELS 801 2$bOCLCF 801 2$bVT2 801 2$bOCLCQ 801 2$bZ5A 801 2$bOCLCO 801 2$bNLE 801 2$bOCLCA 801 2$bDLC 801 2$bEZC 801 2$bOCLCO 801 2$bFQM 801 2$bU3W 801 2$bOCLCO 801 2$bNJR 801 2$bAU@ 801 2$bOCLCO 801 2$bWYU 801 2$bOCLCO 801 2$bUKMGB 801 2$bTKN 801 2$bOCLCO 801 2$bOCLCA 801 2$bDLC 801 2$bBWN 801 2$bCUS 801 2$bOCLCQ 801 2$bOCLCO 801 2$bCASUM 801 2$bOCLCQ 801 2$bAUD 801 2$bUBY 801 2$bOCLCL 801 2$bOCLCQ 906 $aJOURNAL 912 $a9910333245103321 996 $aJournal of bodywork and movement therapies$92430564 997 $aUNINA